00000000nam##2200000za#4500
0019.613932
003CaOODSP
00520230202144024
007ta
008150406|1997||||xxc|||||     f|0| 0 eng|d
020 |a0-662-25710-3
040 |aCaOODSP|beng
043 |an-cn---
0861 |aH72-22/19-1997E
1102 |aNational Clearinghouse on Family Violence (Canada)‏.
24510|aFamily violence in aboriginal communities: an aboriginal perspective / |cby Karen Green et al.
260 |aOttawa - Ontario : |bHealth Canada. |c1997.
300 |a9p. : |breferences ; |c28 cm.
4901 |aInformation from the National Clearinghouse on Family Violence
500 |aN.B.: Incorrect catalogue number (H72-21/150-1997E) printed in this publication.
590 |a97-26|b1997-06-27
69007|aIndigenous affairs|2gcpds
69007|aFamily violence|2gcpds
7201 |aGreen, Karen
7760#|tFamily violence in Aboriginal communities : |w(CaOODSP)9.572687
830#0|aInformation from the National Clearinghouse on Family Violence.|w(CaOODSP)9.514740
986 |aH72-21/150-1997E